| 000 | 03076nam0a2200433 4500 | ||
|---|---|---|---|
| 001 | RU\NLR\bibl\1510715 | ||
| 005 | 20260407225449.0 | ||
| 010 |
_a978-5-8480-0755-8 _9500 |
||
| 021 |
_aRU _b2010-25747 _91733 |
||
| 035 | _a(nilc)RSL-KNO-004627785 | ||
| 035 | _a(NLR Aleph) 001502114 | ||
| 090 |
_a1797742 _c1797742 |
||
| 100 | _a20100412d2010 |||y0rusy50 ca | ||
| 101 | 0 | _arus | |
| 102 | _aRU | ||
| 105 | _aa zzzz||||| | ||
| 200 | 1 |
_aИнтернет-технологии и компетентностный подход при моделировании содержания теоретических дисциплин как условие повышения качества современного лингвистического образования и эффективной подготовки конкурентоспособного лингвиста-переводчика _fЮжный федеральный ун-т, Педагогический ин-т, Каф. лингвистики _g[редкол.: С. Г. Агапова и др.] |
|
| 205 | _aЮбил. изд. | ||
| 210 |
_aРостов-на-Дону _cИПО ПИ ЮФУ _d2010 |
||
| 215 |
_a226 с. _cил. _d20 |
||
| 300 | _aНа авантит.: 10-летию Кафедры лингвистики посвящается | ||
| 320 | _aБиблиогр. в конце ст. | ||
| 606 | 1 |
_aЛингвистическое образование _xКачество _92598179 _3RU\NLR\auth\661535053 |
|
| 606 | 1 |
_aЛингвистическое образование _xКомпетентностный подход _92517885 _3RU\NLR\auth\661492234 |
|
| 606 | 1 |
_aПереводчики _xПодготовка _xИнформационные технологии _92104895 _3RU\NLR\AUTH\661576274 |
|
| 610 | 0 | _aФилологические науки. Художественная литература -- Языкознание -- Языки мира -- Преподавание и методика изучения языков -- Программированное преподавание | |
| 610 | 0 | _aФилологические науки. Художественная литература -- Языкознание -- Изучение и преподавания языковедческих дисциплин -- Специальное образование в Российской Федерации -- Высшее специальное образование | |
| 686 |
_aШ12-919,0 _2rubbk |
||
| 686 |
_aШ1р(2)3,0 _2rubbk |
||
| 686 | _aЧ489.6 | ||
| 702 | 1 |
_4340 _7ca _8rus _aАгапова _bС. Г. _gСофия Григорьевна _971234 _3RU\NLR\auth\7788306 |
|
| 712 | 0 | 2 |
_4570 _aЮжный федеральный университет _bПедагогический институт _bКафедра лингвистики _cРостов-на-Дону _9803345 _3RU\NLR\AUTH\8810154110 |
| 801 | 0 |
_aRU _bРГБ _c20100412 _grcr |
|
| 801 | 1 |
_aRU _bРГБ _c20100412 |
|
| 801 | 2 |
_aRU _bNLR _c20100514 _grcr |
|
| 942 | _cBOOK | ||
| 980 | _aNB | ||